01309nam a2200217 a 4500008004100000020001500041050001500056100002100071245004600092250001200138260004400150350000900194700002100203995014900224995016100373995014900534999001700683952013300700952012500833952013300958120416s1995 ||||||||||||||||| || u a8120311388 aTS 181 Nar aNarasimhan, S. L10aProduction planning and inventory control a2nd ed. aNew DelhibPrentice-Hall of Indiac1995 a0.00 aBillington, P. J aMAIN LIBRARY OPEN ACCESSD0.00e732165FCBU-MAIN LIBRARY (Kitwe)H1I45.00jTS 181 NarM1UAVAILABLEy44589ZMain Library Open Access Collection aANNEX COLLECTION (Main Library)D0.00e732166FCBU-MAIN LIBRARY (Kitwe)H3I45.00jTS 181 NarM3UAVAILABLEWApr 3, 2007y44592ZAnnex Low-Usage Collection  aMAIN LIBRARY OPEN ACCESSD0.00e732164FCBU-MAIN LIBRARY (Kitwe)H2I45.00jTS 181 NarM2UAVAILABLEy44590ZMain Library Open Access Collection c77239d77239 00102lcc4070a001b001cMain Library Open Access Collectiond2023-04-25l0oTS 181 Narp44589r2023-04-25t1w2023-04-25y002 00102lcc4070a001b001cAnnex Low-Usage Collection d2023-04-25l0oTS 181 Narp44592r2023-04-25t2w2023-04-25y002 00102lcc4070a001b001cMain Library Open Access Collectiond2023-04-25l0oTS 181 Narp44590r2023-04-25t3w2023-04-25y002